The Ten Commandments: (Record no. 4293)

MARC details
000 -LEADER
fixed length control field 01059nam a22001817a 4500
003 - CONTROL NUMBER IDENTIFIER
control field GBCCL
005 - DATE AND TIME OF LATEST TRANSACTION
control field 20241126110515.0
008 - FIXED-LENGTH DATA ELEMENTS--GENERAL INFORMATION
fixed length control field 180118b xxu||||| |||| 00| 0 eng d
040 ## - CATALOGING SOURCE
Transcribing agency gbc
082 ## - DEWEY DECIMAL CLASSIFICATION NUMBER
Classification number 222.16
Item number THI
100 ## - MAIN ENTRY--PERSONAL NAME
Personal name Thieme, R. B.
9 (RLIN) 8111
245 ## - TITLE STATEMENT
Title The Ten Commandments:
Remainder of title The Magna Carta of Human Freedom /
Statement of responsibility, etc. R. B. Thieme
260 ## - PUBLICATION, DISTRIBUTION, ETC.
Place of publication, distribution, etc. Texas:
Name of publisher, distributor, etc. Berachah Tapes and Publications,
Date of publication, distribution, etc. 1971
300 ## - PHYSICAL DESCRIPTION
Extent 57 p.;
Other physical details ill.,
Dimensions 18 cm.
505 ## - FORMATTED CONTENTS NOTE
Formatted contents note National disintegration --<br/>The influence of the Decalogue --<br/>The principle of the Decalogue --<br/>Freedom versus slavery --<br/>Human freedom --<br/>The first commandment --<br/>The doctrine of idolatry --<br/>The second commandment --<br/>The four-generation curse --<br/>The third commandment --<br/>The fourth commandment --<br/>The doctrine of the Sabbath --<br/>The fifth commandment --<br/>The sixth commandment --<br/>The seventh commandment --<br/>The doctrine of adultery --<br/>Category two love and the single person --<br/>The eighth commandment --<br/>The ninth commandment --<br/>The tenth commandment.
650 ## - SUBJECT ADDED ENTRY--TOPICAL TERM
Topical term or geographic name entry element Ten commandments
9 (RLIN) 6845
942 ## - ADDED ENTRY ELEMENTS (KOHA)
Source of classification or shelving scheme Dewey Decimal Classification
Koha item type Books
Koha issues (borrowed), all copies 8
Holdings
Withdrawn status Lost status Source of classification or shelving scheme Damaged status Not for loan Home library Current Library Shelving location Date acquired Total checkouts Total renewals Full call number Barcode Date last seen Date last checked out Copy number Price effective from Koha item type
    Dewey Decimal Classification     GRACE BIBLE COLLEGE GRACE BIBLE COLLEGE Biblical Studies 2018-01-18 8 2 222.16 THI 002345 2025-05-01 2024-09-19 c.1 2018-01-18 Books
© Grace Bible College Library 2025